000 00784nam a2200241 i 4500
001 178462
003 ES-MaACL
005 20230906220534.0
008 110602s1946 it f |||| |dita d
080 _a75.034.7(450)
100 1 _aNebbia, Ugo.
_9146839
245 1 3 _aLa pittura italiana del Seicento /
_cUgo Nebbia.
260 _aNovara :
_bIstituto geografico De Agostini,
_c[1946]
300 _aXLIII, 120 p. de lám. ;
_c25 cm.
490 1 _aStoria della pittura italiana ;
_v7
500 _aÍndices.
546 _aTexto en italiano.
650 0 4 _aPintura italiana-
_yS.XVII.
_9161961
710 2 _aIstituto geografico De Agostini.
_9173295
830 0 _aStoria della pittura italiana ;
_v7
_9190974
852 _aES-MaACL
_jE-15211
_xOlim P-940
999 _c178462
_d178462